000
00338nam a2200133Ia 4500
008
220216s9999 xx 000 0 und d
100
_a
Twiss D F
245
0
_a
Smoke production for the rubber industry
260
_b
IRI Transactions
_c
1930
300
_a
407-416
650
_a
Rubber industry
650
_a
Smoke production
942
_c
JS
999
_c
68780
_d
68780